000 00267nam a2200121Ia 4500
008 190216s9999||||xx |||||||||||||| ||und||
100 _aGoldberg S L
245 0 _aJoyce
260 _bOliver And Boyd
_c1965
300 _a120p
650 _aEnglish Essay
942 _cBK
999 _c12466
_d12466